All Official UK County Flags - Statistics

General Stats
  • This quiz has been taken 59 times
    58 since last reset
  • The average score is 23 of 41
Answer Stats
Picture Answer % Correct
Cornwall
86%
Lancashire
77%
Yorkshire
77%
Norfolk
72%
Nottinghamshire
72%
Essex
70%
Kent
70%
Devon
67%
Buckinghamshire
65%
Cambridgeshire
65%
Oxfordshire
65%
Surrey
65%
Derbyshire
63%
Dorset
63%
Hampshire
63%
Staffordshire
63%
Cheshire
60%
County Durham
60%
Gloucestershire
60%
Suffolk
60%
Berkshire
58%
Hertfordshire
58%
Lincolnshire
58%
Northumberland
56%
Rutland
56%
Somerset
56%
Bedfordshire
53%
Shropshire
53%
Warwickshire
53%
Wiltshire
53%
Worcestershire
53%
Northamptonshire
51%
Orkney
35%
Shetland
35%
Pembrokeshire
33%
Glamorgan
30%
Isle of Anglesey
28%
Monmouthshire
28%
Flintshire
26%
Caernarfonshire / Gwynedd
19%
East Lothian
16%
No matching quizzes found
Score Distribution
Percent of People with Each Score
Percentile by Number Answered
Your Score History
You have not taken this quiz since the last reset